LEADER 00946nam0-2200337---450- 001 990008682000403321 005 20080630140911.0 020 $aIT$b615366 035 $a000868200 035 $aFED01000868200 035 $a(Aleph)000868200FED01 035 $a000868200 100 $a20080630d1961----km-y0itay50------ba 101 0 $aita 102 $aIT 105 $ay-------001yy 200 1 $a<>arbitrato negli appalti di opere pubbliche$fPasquale Pastore 205 $a2. ed. agg. 210 $aMilano$cA. Giuffrè$d1961 215 $a212 p.$d25 cm 300 $aIn app.: Formulario della procedura 676 $a347.9$v21$zita 700 1$aPastore,$bPasquale$0407516 801 0$aIT$bUNINA$gRICA$2UNIMARC 901 $aBK 912 $a990008682000403321 952 $aVI F 121$b67217$fFGBC 952 $aVI F 125$b69862$fFGBC 959 $aFGBC 996 $aArbitrato negli appalti di opere pubbliche$9656118 997 $aUNINA